| 000 | 01221cad a22002055a 4500 | ||
|---|---|---|---|
| 001 | L154694 | ||
| 008 | 120113e20120112xxk 000 0 eng d | ||
| 035 | _a(Sirsi) u154694 | ||
| 041 | 0 | _aeng | |
| 100 | 1 | _aHollander, Gavriel | |
| 245 | 0 | 0 |
_aAudit office to investigate affordable rent scheme _h[electronic resource] |
| 260 | _2012 | ||
| 490 |
_aInside Housing _v12 January 2012 |
||
| 520 | _aNational Audit Office looks at the role of the Department for Communities and Local Government, Tenant Services Authority and Homes and Communities Agency in relation to the financial viability of social housing providers participating in the Affordable Homes Programme. The examination will determine whether the Homes and Communities Agency and Tenant Services Authority are effectively addressing risks to the financial viability of the social housing sector, while optimising taxpayer interests. Report is due to be published Spring 2012. | ||
| 590 | _aKA | ||
| 651 | 4 |
_aEngland _y886- |
|
| 690 |
_aAffordable housing _96215 |
||
| 856 | 4 | 0 |
_uhttps://www.insidehousing.co.uk/finance/audit-office-to-investigate-affordable-rent-scheme/6519914.article _zView this item free of charge at www.insidehousing.co.uk |
| 942 | _n0 | ||
| 999 |
_c83707 _d83707 |
||